| 000 | 00000nam##2200000za#4500 |
| 001 | 9.614412 |
| 003 | CaOODSP |
| 005 | 20200706133912 |
| 007 | ta |
| 008 | 150406|1998||||xxc||||| f|0| 0 eng|d |
| 020 | |a0-660-17529-0 |
| 022 | |a1200-5223 |
| 040 | |aCaOODSP|beng |
| 043 | |an-cn--- |
| 086 | 1 |aCS11-0019/114E |
| 245 | 00|aForeign-born vs native-born Canadians : |ba comparison of their inter-provincial labour mobility / |cby Zhengxi Lin. |
| 260 | |aOttawa - Ontario : |bStatistics Canada. |c1998. |
| 300 | |a33p. : |bgraphs, references, tables ; |c28 cm. |
| 490 | 1 |aResearch paper series|x1200-5223|vNo. 114 |
| 500 | |a"This paper... attempts to address the following questions: Do immigrants move to other provinces more or less frequently than native-born Canadians do? Are the departing and landing patterns of their inter-provincial migration different from that of native-borns? What are the reasons behind their relocations to other provinces relative to the domestically-born? What are the economic returns to their inter-provincial mobility relative to that of the native-born? And what are the factors influencing their decision of moving to other provinces relative to their native-born counterparts?"--Page 1. |
| 520 | 3 |aThis paper... attempts to address the following questions: Do immigrants move to other provinces more or less frequently than native-born Canadians do? Are the departing and landing patterns of their inter-provincial migration different from that of native-borns? What are the reasons behind their relocations to other provinces relative to the domestically-born? What are the economic returns to their inter-provincial mobility relative to that of the native-born? And what are the factors influencing their decision of moving to other provinces relative to their native-born counterparts?--Page 1 |
| 563 | |aSoftcover |
| 590 | |a98-43|b1998-10-23 |
| 690 | 07|aInternal migration|2gcpds |
| 690 | 07|aImmigrants|2gcpds |
| 710 | 2 |aStatistics Canada. |bAnalytical Studies Branch. |
| 720 | 1 |aLin, Zhengxi |
| 775 | 08|tCanadiens nés à l'étranger et Canadiens de naissance : |w(CaOODSP)9.624759 |
| 776 | 0#|tForeign-born vs native-born Canadians : |w(CaOODSP)9.574604 |
| 830 | #0|aResearch paper series,|x1200-5223|vNo. 114|w(CaOODSP)9.514463 |